[Event "Kingston Grand SNAFU 2003-04"]
[Site "Kingston"]
[Date "2003.12.21"]
[Round "2"]
[White "Sibbald, Peter"]
[Black "Hutchison, Robert"]
[Result "1-0"]
[WhiteElo "1999"]
[BlackElo "1804"]
[PlyCount "89"]
[EventDate "2003.12.14"]
[EventType "swiss"]
[EventRounds "10"]
[EventCountry "CAN"]
[SourceTitle "EXT 2022"]
[Source "ChessBase"]
[SourceDate "2021.10.06"]
[SourceVersion "1"]
[SourceVersionDate "2021.10.06"]
[SourceQuality "1"]

1. e4 c6 2. d4 d5 3. e5 Na6 4. c3 Nc7 5. Bd3 b6 6. Bf4 e6 7. Nh3 Ne7 8. Bg5 Qd7 9. 0-0 Ba6 10. Bxa6 Nxa6 11. Nd2 h6 12. Be3 Nf5 13. Qe2 Nc7 14. a4 Be7 15. Nf4 g6 16. b4 0-0 17. Qg4 Kh7 18. Nb3 Rg8 19. Bd2 c5 20. bxc5 bxc5 21. Nxc5 Bxc5 22. dxc5 Na6 23. Nd3 Rac8 24. Qh3 h5 25. g4 Ng7 26. Qe3 g5 27. Qxg5 Nf5 28. Qxh5+ Kg7 29. gxf5 Kf8+ 30. Kh1 d4 31. Bh6+ Ke8 32. fxe6 Qxe6 33. Bd2 Qd5+ 34. f3 dxc3 35. Qf5 Rd8 36. Bxc3 Qxd3 37. Qxd3 Rxd3 38. Be1 Nxc5 39. Bf2 Nb3 40. Rab1 a6 41. Bg3 Ke7 42. Rbd1 Rc3 43. Rd6 a5 44. Bh4+ Ke8 45. Rd8# 1-0

[Event "Kingston op"]
[Site "Kingston"]
[Date "2002.02.10"]
[Round "4"]
[White "Hutchison, Robert"]
[Black "Talajic, Milenko"]
[Result "0-1"]
[WhiteElo "1901"]
[BlackElo "2007"]
[PlyCount "70"]
[EventDate "2002.02.08"]
[EventType "swiss"]
[EventRounds "5"]
[EventCountry "CAN"]
[SourceTitle "EXT 2022"]
[Source "ChessBase"]
[SourceDate "2021.10.06"]
[SourceVersion "1"]
[SourceVersionDate "2021.10.06"]
[SourceQuality "1"]

1. c4 g6 2. g3 Bg7 3. Bg2 e5 4. d3 Ne7 5. Nc3 0-0 6. Bg5 c6 7. Rb1 d6 8. e4 f6 9. Be3 c5 10. b4 b6 11. Nge2 cxb4 12. Rxb4 Nbc6 13. Rb1 Be6 14. 0-0 Qd7 15. Nb5 Rad8 16. a4 Nc8 17. Nec3 Bh3 18. Nd5 Bxg2 19. Kxg2 Rf7 20. Nbc3 Rdf8 21. f4 f5 22. Qd2 Qe6 23. Rbe1 Qd7 24. Qd1 N6e7 25. d4 Nxd5 26. cxd5 Re8 27. Qd3 Rfe7 28. dxe5 dxe5 29. fxe5 Bxe5 30. Bg5 Bxc3 31. Bxe7 Bxe1 32. Rxe1 fxe4 33. Rxe4 Rxe7 34. Rf4 Nd6 35. Qf3 Rf7 0-1